000 00225nam a2200097Ia 4500
008 190216s9999||||xx |||||||||||||| ||und||
100 _aDavar Ns
245 0 _aPractical Book Keeping And Accounting
260 _bNull
942 _cBK
999 _c3861
_d3861